| 000 | 01108nam a22002297a 4500 | ||
|---|---|---|---|
| 999 |
_c8467 _d8467 |
||
| 003 | AR-CdUCM | ||
| 008 | 190325b ||||| |||| 00| 0 spa d | ||
| 040 |
_aMUNICIPALIDAD PROVINCIAL DEL CUSCO _cBIBLIOTECA MUNICIPAL DEL CUSCO |
||
| 082 |
_a338.10985412 / _bEG31 |
||
| 100 |
_aEguiluz Menendez, Percy _923745 |
||
| 245 |
_aTres haciendas y un pueblo : _bhistoria agraria del distrito de Punta de Bombón / _cPercy Eguiluz Menéndez; Julio Valdivia Ochoa |
||
| 260 |
_aArequipa : _bMunicipalidad Distrital de Punta de Bombón, _c2014. |
||
| 300 |
_a77 páginas ; _bilustraciones, fotografías; _c20.5 cm. |
||
| 505 | _aContenido: El río y el valle: El río Tambo -- El valle de Tambo -- Tres haciendas: Hacienda Bombón -- Hacienda El Pino -- Hacienda Santa Cruz -- El pueblo de Punta de Bombón ... | ||
| 650 |
_aDesarrollo agrícola - Perú _923746 |
||
| 650 |
_aPunta de Bombón - Arequipa _923747 |
||
| 650 |
_aHaciendas - Perú - Arequipa _923748 |
||
| 650 |
_aTenencia de tierras - Arequipa - Perú _923749 |
||
| 700 |
_aValdivia Ochoa, Julio _923750 |
||
| 942 |
_2ddc _cLIBROS |
||
| 945 | _alccs | ||